[Event "Imre Konig mem 2nd"]
[Site "San Fransisco"]
[Date "2007.07.20"]
[Round "?"]
[White "Atalik, Ekaterina"]
[Black "Mezentsev, Vladimir"]
[Result "1-0"]
[WhiteElo "2400"]
[BlackElo "2392"]
[PlyCount "91"]
[EventDate "2007.07.09"]
[EventType "schev"]
[EventRounds "10"]
[EventCountry "USA"]
[Source "ChessBase"]
[SourceDate "2007.09.04"]

1. d4 d5 2. c4 Bf5 3. Nc3 e6 4. Nf3 Nc6 5. cxd5 exd5 6. Bf4 Nf6 7. Qb3 Na5 8.
Qa4+ c6 9. e3 b5 10. Bxb5 cxb5 11. Nxb5 Bd7 12. Bc7 Qc8 13. Qxa5 Qb7 14. Nd6+
Bxd6 15. Bxd6 Ne4 16. Ba3 Rc8 17. O-O f6 18. Rfc1 Kf7 19. Qb4 Bb5 20. Nd2 Qd7
21. Nxe4 dxe4 22. Qd6 Qb7 23. d5 Kg6 24. Rxc8 Rxc8 25. Qe6 Re8 26. Qg4+ Kf7 27.
Rc1 Bd7 28. Qd1 Rc8 29. Rxc8 Qxc8 30. h3 Qc4 31. b3 Qc3 32. d6 Ke6 33. Qg4+ f5
34. Qh4 Kd5 35. Qd8 Qc8 36. Qe7 Kc6 37. Qxg7 Qa6 38. Qc3+ Kd5 39. Qc5+ Ke6 40.
g4 fxg4 41. hxg4 Qb5 42. Qxb5 Bxb5 43. Kg2 Kf6 44. Kg3 Kg5 45. Bc5 a6 46. Bb6
1-0

[Event "Imre Konig mem 2nd"]
[Site "San Fransisco"]
[Date "2007.07.20"]
[Round "?"]
[White "Zilberstein, Dmitry"]
[Black "Atalik, Ekaterina"]
[Result "1/2-1/2"]
[WhiteElo "2410"]
[BlackElo "2400"]
[PlyCount "79"]
[EventDate "2007.07.09"]
[EventType "schev"]
[EventRounds "10"]
[EventCountry "USA"]
[Source "ChessBase"]
[SourceDate "2007.09.04"]

1. c4 e5 2. g3 Nf6 3. Bg2 d5 4. cxd5 Nxd5 5. Nc3 Nb6 6. Nf3 Nc6 7. O-O Be7 8.
d3 O-O 9. Be3 Be6 10. Rc1 Nd5 11. Nxd5 Bxd5 12. Qa4 f6 13. Bc5 Bd6 14. Rfd1 Ne7
15. e4 Bf7 16. d4 exd4 17. Bxd6 Qxd6 18. Rxd4 Qe6 19. Rxc7 Rac8 20. Qd7 Rxc7
21. Qxc7 Nc6 22. Rd1 Qxe4 23. Qxb7 Qc2 24. Rd7 Qb1+ 25. Bf1 Ne5 26. Nxe5 fxe5
27. Kg2 Bg6 28. Bd3 Bxd3 29. Qb3+ Kh8 30. Rxd3 Qe1 31. Qc2 Qe4+ 32. f3 Qf5 33.
Qe2 h6 34. Re3 Qb1 35. Qc4 Qxb2+ 36. Qe2 Qxe2+ 37. Rxe2 Rb8 38. Kf2 Rb5 39. a4
Rb4 40. a5 1/2-1/2

[Event "Imre Konig mem 2nd"]
[Site "San Fransisco"]
[Date "2007.07.24"]
[Round "?"]
[White "Atalik, Suat"]
[Black "Friedel, Joshua E"]
[Result "1/2-1/2"]
[WhiteElo "2564"]
[BlackElo "2472"]
[PlyCount "149"]
[EventDate "2007.07.09"]
[EventType "schev"]
[EventRounds "10"]
[EventCountry "USA"]
[Source "ChessBase"]
[SourceDate "2007.09.04"]

1. d4 Nf6 2. c4 e6 3. Nf3 c5 4. d5 d6 5. Nc3 exd5 6. cxd5 g6 7. e4 a6 8. h3 b5
9. Bd3 Bg7 10. O-O O-O 11. Re1 Ra7 12. a3 Re7 13. Bg5 Nbd7 14. b4 h6 15. Bd2
Rfe8 16. Rc1 cxb4 17. axb4 Ne5 18. Nxe5 Rxe5 19. f4 R5e7 20. Qf3 a5 21. Nxb5
Nxe4 22. Bxe4 Qb6+ 23. Kh2 Qxb5 24. Bd3 Qb7 25. Rxe7 Qxe7 26. Re1 Qxe1 27. Bxe1
Rxe1 28. Qf2 Ra1 29. bxa5 Rxa5 30. Qb6 Rxd5 31. Qd8+ Bf8 32. Bxg6 fxg6 33. Qxc8
Rf5 34. Kg3 Kg7 35. Kf3 h5 36. g3 Rf7 37. Qc3+ Kh7 38. Qc4 Kg7 39. Ke4 Rf5 40.
Qc7+ Kg8 41. Qd7 Rf7 42. Qd8 Rf5 43. Kd4 Kg7 44. Ke3 Rf7 45. g4 hxg4 46. hxg4
Kh7 47. Qc8 Bh6 48. g5 Bf8 49. Qh3+ Kg8 50. Qe6 Kg7 51. Qc4 Rf5 52. Qc7+ Kg8
53. Ke4 Kh8 54. Qb7 Kg8 55. Kf3 Kh8 56. Kg4 Kg8 57. Qb3+ Kh7 58. Qe6 Kg7 59.
Kf3 Kh7 60. Ke3 Kg7 61. Qe8 Kh7 62. Qa8 Kg7 63. Qa1+ Kg8 64. Qe1 Kg7 65. Qh4
Kg8 66. Kd4 Bg7+ 67. Ke3 Bf8 68. Qh1 Rc5 69. Qb1 Rf5 70. Ke4 Kg7 71. Qb2+ Kg8
72. Qb7 Kh8 73. Qc7 Kg8 74. Qd7 Kh8 75. Qc7 1/2-1/2

[Event "Imre Konig mem 2nd"]
[Site "San Fransisco"]
[Date "2007.07.24"]
[Round "?"]
[White "Stein, Alan R"]
[Black "Atalik, Ekaterina"]
[Result "1/2-1/2"]
[WhiteElo "2412"]
[BlackElo "2400"]
[PlyCount "106"]
[EventDate "2007.07.09"]
[EventType "schev"]
[EventRounds "10"]
[EventCountry "USA"]
[Source "ChessBase"]
[SourceDate "2007.09.04"]

1. e4 e5 2. Nf3 Nc6 3. Bb5 a6 4. Ba4 Nf6 5. O-O Be7 6. Re1 b5 7. Bb3 O-O 8. a4
b4 9. d3 d6 10. h3 Na5 11. Ba2 Rb8 12. Nbd2 Bd7 13. Nc4 Nb7 14. a5 Nc5 15. Be3
Ne6 16. d4 exd4 17. Bxd4 Nxd4 18. Qxd4 Bc6 19. Rad1 Rb5 20. Qd3 Nd7 21. Nd4 Rc5
22. Nxc6 Rxc6 23. Qd2 Qb8 24. e5 Nxe5 25. Nxe5 dxe5 26. Qd7 Qe8 27. Rxe5 Qxd7
28. Rxd7 Bd6 29. Re2 Rc5 30. g3 Rxa5 31. Bc4 g6 32. Re3 Rc5 33. b3 a5 34. Rf3
a4 35. Rfxf7 Rxf7 36. Bxf7+ Kf8 37. bxa4 Rxc2 38. Bd5 Be7 39. Be4 Rc1+ 40. Kg2
b3 41. a5 Ke8 42. Rd2 Bf6 43. a6 Ra1 44. Bc6+ Kf8 45. Rd7 Rxa6 46. Rxc7 b2 47.
Be4 Re6 48. Bd3 Rd6 49. Be4 Rd4 50. Bb1 Rd1 51. Be4 Rd4 52. Bb1 Rd1 53. Be4 Re1
1/2-1/2

[Event "Imre Konig mem 2nd"]
[Site "San Fransisco"]
[Date "2007.07.24"]
[Round "?"]
[White "Yermolinsky, Alex"]
[Black "Pruess, David"]
[Result "1-0"]
[WhiteElo "2517"]
[BlackElo "2424"]
[PlyCount "61"]
[EventDate "2007.07.09"]
[EventType "schev"]
[EventRounds "10"]
[EventCountry "USA"]
[Source "ChessBase"]
[SourceDate "2007.09.04"]

1. d4 Nf6 2. c4 c5 3. d5 e6 4. Nc3 exd5 5. cxd5 d6 6. e4 g6 7. f4 Bg7 8. Bb5+
Nbd7 9. e5 dxe5 10. fxe5 Nh5 11. e6 Qh4+ 12. g3 Nxg3 13. hxg3 Qxh1 14. Be3
Bxc3+ 15. bxc3 a6 16. exd7+ Bxd7 17. Bxd7+ Kxd7 18. Qb3 b5 19. O-O-O Rhe8 20.
Bxc5 Qg2 21. d6 Re6 22. Nh3 Qxh3 23. Qd5 Rb8 24. Ba7 Qh6+ 25. Kc2 Qf8 26. g4
Qc8 27. Rf1 f6 28. Bxb8 Qxb8 29. Rh1 Qxd6 30. Qb7+ Kd8 31. Rd1 1-0

[Event "Imre Konig mem 2nd"]
[Site "San Fransisco"]
[Date "2007.07.25"]
[Round "?"]
[White "Atalik, Ekaterina"]
[Black "Friedel, Joshua E"]
[Result "1-0"]
[WhiteElo "2400"]
[BlackElo "2472"]
[PlyCount "67"]
[EventDate "2007.07.09"]
[EventType "schev"]
[EventRounds "10"]
[EventCountry "USA"]
[Source "ChessBase"]
[SourceDate "2007.09.04"]

1. d4 Nf6 2. c4 c5 3. Nf3 cxd4 4. Nxd4 e5 5. Nb5 d5 6. cxd5 Bc5 7. N5c3 O-O 8.
e3 e4 9. Be2 Qe7 10. a3 a5 11. Nd2 Rd8 12. Qc2 Bf5 13. O-O Nbd7 14. Nc4 Ne5 15.
b3 Nd3 16. Bd2 b6 17. Bxd3 exd3 18. Qb2 Nxd5 19. b4 Nxc3 20. Bxc3 axb4 21. axb4
Rxa1 22. Rxa1 b5 23. bxc5 bxc4 24. Bxg7 Bg4 25. Bd4 Be2 26. c6 Qd6 27. Qb5 h6
28. Be5 Qe6 29. c7 Rc8 30. Bc3 Kh7 31. Ra6 Qg4 32. h3 Qh5 33. Qd7 d2 34. Qxc8
1-0

[Event "Imre Konig mem 2nd"]
[Site "San Fransisco"]
[Date "2007.07.25"]
[Round "?"]
[White "Atalik, Suat"]
[Black "Pruess, David"]
[Result "1/2-1/2"]
[WhiteElo "2564"]
[BlackElo "2424"]
[PlyCount "94"]
[EventDate "2007.07.09"]
[EventType "schev"]
[EventRounds "10"]
[EventCountry "USA"]
[Source "ChessBase"]
[SourceDate "2007.09.04"]

1. d4 d5 2. c4 e6 3. Nc3 c6 4. e3 Nf6 5. Nf3 Nbd7 6. Bd3 dxc4 7. Bxc4 b5 8. Bd3
a6 9. e4 c5 10. e5 cxd4 11. Nxb5 Ng4 12. Qa4 Qb6 13. Nd6+ Bxd6 14. exd6 e5 15.
Bf5 Ngf6 16. Nxe5 Qxd6 17. Nxd7 Nxd7 18. O-O O-O 19. Qc2 h6 20. Bh7+ Kh8 21.
Be4 Ra7 22. Rd1 Rc7 23. Qd2 Nc5 24. Qxd4 Qxd4 25. Rxd4 Re8 26. f3 Nxe4 27. fxe4
Bb7 28. Bf4 Rc2 29. Rd2 Rc4 30. Rf1 Bxe4 31. b3 Rc6 32. h3 Re7 33. Rfd1 g5 34.
Bd6 Re6 35. Ba3 Rc2 36. Rxc2 Bxc2 37. Rd2 Be4 38. Rd6 Kg7 39. Bb2+ Kg6 40.
Rxe6+ fxe6 41. Kf2 h5 42. b4 Kf5 43. a4 Bc6 44. a5 Ke4 45. Bf6 g4 46. hxg4 hxg4
47. g3 Bb5 1/2-1/2

[Event "Imre Konig mem 2nd"]
[Site "San Fransisco"]
[Date "2007.07.25"]
[Round "?"]
[White "Stein, Alan R"]
[Black "Atalik, Suat"]
[Result "0-1"]
[WhiteElo "2412"]
[BlackElo "2564"]
[PlyCount "68"]
[EventDate "2007.07.09"]
[EventType "schev"]
[EventRounds "10"]
[EventCountry "USA"]
[Source "ChessBase"]
[SourceDate "2007.09.04"]

1. e4 e5 2. Nf3 Nc6 3. Bb5 a6 4. Ba4 Nf6 5. O-O Be7 6. Re1 b5 7. Bb3 O-O 8. a4
b4 9. d3 d6 10. Nbd2 Na5 11. Ba2 c5 12. c3 Rb8 13. Nc4 Nc6 14. h3 Be6 15. Ng5
Bd7 16. f4 h6 17. Nf3 exf4 18. Bxf4 Be6 19. d4 cxd4 20. cxd4 b3 21. d5 bxa2 22.
dxe6 fxe6 23. Rxa2 Nxe4 24. Rxe4 d5 25. Rxe6 Rxf4 26. Rxc6 dxc4 27. Qxd8+ Bxd8
28. Ne5 Bf6 29. Nxc4 Rb4 30. Nd2 Bd4+ 31. Kh1 Rf2 32. b3 Be3 33. Rd6 Re2 34.
Rc2 Re1+ 0-1

[Event "Imre Konig mem 2nd"]
[Site "San Fransisco"]
[Date "2007.07.25"]
[Round "?"]
[White "Yermolinsky, Alex"]
[Black "Friedel, Joshua E"]
[Result "1/2-1/2"]
[WhiteElo "2517"]
[BlackElo "2472"]
[PlyCount "65"]
[EventDate "2007.07.09"]
[EventType "schev"]
[EventRounds "10"]
[EventCountry "USA"]
[Source "ChessBase"]
[SourceDate "2007.09.04"]

1. d4 Nf6 2. c4 e6 3. Nf3 c5 4. e3 d5 5. cxd5 exd5 6. Bb5+ Bd7 7. Bxd7+ Nbxd7
8. O-O Bd6 9. b3 O-O 10. Nc3 Rc8 11. dxc5 Nxc5 12. Bb2 Nce4 13. Rc1 Be7 14. Qd3
Qd7 15. Rfd1 Rfd8 16. Nxe4 Nxe4 17. h3 h6 18. Rxc8 Qxc8 19. Rc1 Qf5 20. Qc2 Bd6
21. Qe2 Rc8 22. Rxc8+ Qxc8 23. Nd4 Be5 24. Qg4 Qc7 25. Nb5 Qb8 26. Bxe5 Qxe5
27. Qc8+ Kh7 28. Nd4 Qf6 29. Qc2 g6 30. f3 Nd6 31. Qc5 Qe5 32. e4 Kg7 33. exd5
1/2-1/2

[Event "Imre Konig mem 2nd"]
[Site "San Fransisco"]
[Date "2007.07.25"]
[Round "?"]
[White "Yermolinsky, Alex"]
[Black "Stein, Alan R"]
[Result "1/2-1/2"]
[WhiteElo "2517"]
[BlackElo "2412"]
[PlyCount "96"]
[EventDate "2007.07.09"]
[EventType "schev"]
[EventRounds "10"]
[EventCountry "USA"]
[Source "ChessBase"]
[SourceDate "2007.09.04"]

1. d4 Nf6 2. c4 e6 3. Nc3 Bb4 4. Qc2 O-O 5. Bg5 d6 6. e3 b6 7. Nge2 Nbd7 8. a3
Bxc3+ 9. Nxc3 Bb7 10. f3 Rc8 11. Rd1 Qe7 12. Be2 c5 13. O-O Rfd8 14. Bh4 Nf8
15. dxc5 bxc5 16. Rd2 Ng6 17. Bf2 d5 18. Rfd1 Ne5 19. Qa4 Bc6 20. Qa5 Rd7 21.
cxd5 exd5 22. b4 cxb4 23. Qxb4 Qxb4 24. axb4 Ba8 25. Nb5 Nc4 26. Ra2 Rb7 27.
Nxa7 Re8 28. e4 Rxb4 29. Bc5 Rb3 30. Bd4 Ne3 31. Bxe3 Rxe3 32. Nb5 Bc6 33. Nc7
Re7 34. exd5 Rxc7 35. dxc6 Rxc6 36. Rd8+ Re8 37. Raa8 Kf8 38. Rxe8+ Nxe8 39.
Bb5 Re6 40. f4 Re7 41. Kf2 f6 42. Kf3 g6 43. g4 g5 44. f5 Kf7 45. Bxe8+ Rxe8
46. Rxe8 Kxe8 47. Ke4 Ke7 48. Kd5 Kd7 1/2-1/2

[Event "Imre Konig mem 2nd"]
[Site "San Fransisco"]
[Date "2007.07.26"]
[Round "?"]
[White "Friedel, Joshua E"]
[Black "Atalik, Suat"]
[Result "0-1"]
[WhiteElo "2472"]
[BlackElo "2564"]
[PlyCount "176"]
[EventDate "2007.07.09"]
[EventType "schev"]
[EventRounds "10"]
[EventCountry "USA"]
[Source "ChessBase"]
[SourceDate "2007.09.04"]

1. e4 e5 2. Nf3 Nc6 3. Bb5 a6 4. Ba4 Nf6 5. O-O Be7 6. Re1 b5 7. Bb3 O-O 8. d4
d6 9. c3 Bg4 10. d5 Na5 11. Bc2 c6 12. h3 Bc8 13. dxc6 Qc7 14. Nbd2 Qxc6 15.
Nf1 Re8 16. Ng3 Nc4 17. a4 Nb6 18. a5 Nbd7 19. Nf5 Bf8 20. Bg5 Bb7 21. Qd2 Qc7
22. Bh4 d5 23. exd5 Bxd5 24. Ng5 h6 25. Nh7 Kxh7 26. Ne7+ Be4 27. Nd5 Qd6 28.
Nxf6+ Nxf6 29. Qxd6 Bxd6 30. Rxe4 Nxe4 31. Bxe4+ Kg8 32. Rd1 Bc7 33. Bxa8 Rxa8
34. b4 e4 35. Be7 Be5 36. Rc1 f5 37. c4 Rc8 38. Bc5 bxc4 39. Rxc4 Kf7 40. g4
Ke6 41. gxf5+ Kxf5 42. f3 exf3 43. Kf2 Bd6 44. Kxf3 Bxc5 45. bxc5 Rc6 46. Rf4+
Ke6 47. Rg4 g5 48. h4 Rxc5 49. Rb4 Kd5 50. hxg5 hxg5 51. Kg4 Rb5 52. Ra4 Ke6
53. Ra2 Kf6 54. Ra4 Kg6 55. Rc4 Rxa5 56. Rc6+ Kf7 57. Rb6 Ke7 58. Rc6 Kd7 59.
Rb6 Kc7 60. Rf6 Kb7 61. Rf7+ Kb6 62. Rf6+ Kc7 63. Rf7+ Kd6 64. Rf6+ Kc5 65.
Kxg5 Ra1 66. Rf2 a5 67. Kg4 a4 68. Rf5+ Kd4 69. Kg3 a3 70. Rf4+ Ke3 71. Rf3+
Ke2 72. Rf2+ Ke1 73. Rf3 Ra2 74. Kh3 Ke2 75. Kg3 Ra1 76. Rf2+ Ke3 77. Rf3+ Ke4
78. Rf4+ Ke5 79. Ra4 Kd5 80. Ra8 Kc4 81. Kf2 Kb3 82. Rb8+ Ka2 83. Ke2 Rb1 84.
Ra8 Rb3 85. Rd8 Kb2 86. Rd2+ Kc3 87. Rd3+ Kc4 88. Rd8 a2 0-1